<?xml version="1.0" encoding="UTF-8"?>
<marc:record xmlns:marc="http://www.loc.gov/MARC21/slim">
   <marc:leader>00000nam a2200000 a 4500</marc:leader>
   <marc:datafield ind1="1" ind2=" " tag="100">
      <marc:subfield code="a">Robotham, Michael</marc:subfield>
      <marc:subfield code="4">aut</marc:subfield>
      <marc:subfield code="e">Verfasser/-in</marc:subfield>
   </marc:datafield>
   <marc:datafield ind1="1" ind2=" " tag="100">
      <marc:subfield code="a">Lutze, Kristian</marc:subfield>
      <marc:subfield code="4">trl</marc:subfield>
      <marc:subfield code="e">Übersetzer/-in</marc:subfield>
   </marc:datafield>
   <marc:datafield ind1=" " ind2=" " tag="653">
      <marc:subfield code="a">Psychothriller</marc:subfield>
   </marc:datafield>
   <marc:datafield ind1="0" ind2="0" tag="245">
      <marc:subfield code="a">Todeswunsch</marc:subfield>
   </marc:datafield>
   <marc:datafield ind1="0" ind2="0" tag="245">
      <marc:subfield code="b">Psychothriller</marc:subfield>
   </marc:datafield>
   <marc:datafield ind1="0" ind2="0" tag="245">
      <marc:subfield code="c">Michael Robotham. Deutsch von Kristian Lutze</marc:subfield>
   </marc:datafield>
   <marc:datafield ind1=" " ind2="1" tag="264">
      <marc:subfield code="a">o.O.</marc:subfield>
      <marc:subfield code="b">RM Buch u. Medien Vertrieb</marc:subfield>
      <marc:subfield code="c">2011</marc:subfield>
   </marc:datafield>
   <marc:datafield ind1="1" ind2=" " tag="490">
      <marc:subfield code="a">Joseph O'Loughlin und Vincent Ruiz</marc:subfield>
      <marc:subfield code="v">5</marc:subfield>
   </marc:datafield>
   <marc:datafield ind1=" " ind2=" " tag="250">
      <marc:subfield code="a">ungekürzte Lizenzausg.</marc:subfield>
   </marc:datafield>
   <marc:datafield ind1="1" ind2=" " tag="520">
      <marc:subfield code="a">Der Psychologe Joe O'Loughlin ist sich nicht sicher, ob er sich augerechnet Sienna Hegarty als beste Freundin für seine Tochter Charlie wünscht. Denn die frühreife Sienna ist nicht immer ein guter Umgang. Doch als sie eines Abends blutüberströmt bei den O'Loughlins auftaucht, nimmt Joe sich ihrer an. Denn im Haus der Hegartys ist etwas Schreckliches passiert: Siennas Vater liegt tot in ihrem Zimmer - jemand hat ihm die Halsschlagader durchtrennt. Sienna kann sich an nichts erinnern. Auf ihrer Kleidung klebt das Blut des Toten, und das Mädchen hat außerdem ein starkes Motiv für die Tat, wie Joe mit Hilfe seines Freundes, dem Ex-Polizisten Vincent Ruiz, herausfindet. Sienna wird des Mordes an ihrem Vater angeklagt, aber Joe ist von ihrer Unschuld überzeugt. Und er soll eine Wahrheit zu Tage fördern, die schwerer wiegt als alles, was er für möglich gehalten hätte ... (Verlagstext)</marc:subfield>
   </marc:datafield>
   <marc:datafield ind1=" " ind2=" " tag="300">
      <marc:subfield code="a">511 S.</marc:subfield>
   </marc:datafield>
</marc:record>
